000 00307nam a22001217a 4500
082 _a323.6
_bWIL
245 _aCITIZENSHIP.
_bJ.WILLATT.
260 _aINDIA.
_bOXFORD UNIVERSITY PRESS.
_c1946.
300 _a189P.
_bILL.
526 _a0
_b0
_c0
_d323_600000000000000_WIL
650 _aMCE
_9379
942 _2ddc
_cBK
999 _c551998
_d551998